| 000 | 00430nam a2200157Ia 4500 | ||
|---|---|---|---|
| 008 | 240729s9999 xx 000 0 und d | ||
| 022 | _a1179-1616 | ||
| 245 | 0 | _aTransplant Research and Risk Management | |
| 260 | _aUnited Kingdom | ||
| 260 | _bDove Medical Press | ||
| 650 | _a Medicine (General) | ||
| 650 | _aMedicine | ||
| 856 | _uhttps://doaj.org/toc/0268c76aee4b46d0b14370b783faab06 | ||
| 942 | _2ddc | ||
| 942 | _cDOAJEJ | ||
| 999 |
_c73632 _d73632 |
||
| 945 |
_a1 _bMadushi Gamage _c1 _dMadushi Gamage |
||